The gold rush (Record no. 82729)

MARC details
000 -LEADER
fixed length control field 01151cab a22002055a 4500
001 - CONTROL NUMBER
control field L151195
008 - FIXED-LENGTH DATA ELEMENTS--GENERAL INFORMATION
fixed length control field 101006e2010 xxk 000 0 eng d
035 ## - SYSTEM CONTROL NUMBER
System control number (Sirsi) u151195
041 0# - LANGUAGE CODE
Language code of text/sound track or separate title eng
100 1# - MAIN ENTRY--PERSONAL NAME
Personal name Barnard, Andy
245 04 - TITLE STATEMENT
Title The gold rush
Medium [electronic resource]
260 ## - PUBLICATION, DISTRIBUTION, ETC.
Date of publication, distribution, etc. 2010
490 ## - SERIES STATEMENT
Series statement Inside Housing
Volume/sequential designation 24 September 2010
520 ## - SUMMARY, ETC.
Summary, etc. Feed in Tariffs Scheme (FIT) introduced in April 2010 incentivises small scale low carbon electricity generation. Notes how social landlords and local authorities are reporting many approaches from companies who are offering free photovoltaic panels on their roofs. This is given more urgency by the fact that the introductory rate for tariffs (a set rate of 41.3p for every kilowatt per hour generated, plus 5p per kilowatt per hour for each unit sold back to the grid) is being reduced from 31 March 2012.
590 ## - LOCAL NOTE (RLIN)
Local note KA
651 #4 - SUBJECT ADDED ENTRY--GEOGRAPHIC NAME
Geographic name United Kingdom
Chronological subdivision
690 ## - LOCAL SUBJECT ADDED ENTRY--TOPICAL TERM (OCLC, RLIN)
Topical term or geographic name as entry element ENVIRONMENTAL AND LAND CONSULTANCY-SUSTAINABILITY
856 40 - ELECTRONIC LOCATION AND ACCESS
Uniform Resource Identifier <a href="https://www.insidehousing.co.uk/analysis/in-depth/the-gold-rush/6511767.article">https://www.insidehousing.co.uk/analysis/in-depth/the-gold-rush/6511767.article</a>
Public note View the website free of charge at www.insidehousing.co.uk
942 ## - ADDED ENTRY ELEMENTS (KOHA)
Suppress in OPAC 0
Holdings
Withdrawn status Lost status Source of classification or shelving scheme Damaged status Not for loan Home library Current library Shelving location Date acquired Total Checkouts Full call number Barcode Date last seen Copy number Price effective from Koha item type
    Dewey Decimal Classification     Virtual Virtual Online 06/10/2010   ONLINE PUBLICATION L151195 06/08/2019 1 06/08/2019 Journal article